000 00623nam a2200217Ia 4500
003 OSt
005 20250903101509.0
008 220923b |||||||| |||| 00| 0 eng d
037 _cReference
040 _aRTL
_cRTL
_beng
041 _2eng
_aeng
084 _aO:3M57:25 E14/SC
_qRTL
100 _aConrad, Joseph
245 0 _aTwixt land and sea
260 _aLondon
_bJM Dent & Sons
_c1971
300 _a264 p.
_bIncludes bibliographical reference and index
650 _aEnglish fiction
650 _aLiterature
942 _hO:3M57:25 E14/SC
_cREF
_2CC
_n0
999 _c569696
_d569696